Sixteen sermons, preached upon several occasions /

Bibliographic Details
Main Author: Boys, Edward, 1599-1667
Other Authors: Flynt, Roger
Format: eBook
Language:English
Published: London : Printed by Richard Hodgkinson ..., for William Oliver ..., and Robert Bolder ..., 1672.
Series:Early English books online.
Subjects:
Online Access:Connect to the full text of this electronic book

MARC

Tag First Indicator Second Indicator Subfields
LEADER 00000nam a2200000Ia 4500
001 in00004181007
005 20200810072106.0
006 m g d
007 cr bn |||a|bb|
008 850531s1672 enk o 00| | eng d
035 |a (OCoLC)12101283 
040 |a EAA  |c EAA  |d m/c  |d WaOLN 
037 |a CL0037000023  |b ProQuest Information and Learning. 300 N. Zeeb Rd., Ann Arbor, MI 48106 
049 |a UMIA 
100 1 |a Boys, Edward,  |d 1599-1667. 
240 1 0 |a Sermons 
245 1 0 |a Sixteen sermons, preached upon several occasions /  |c by Edward Boys ... 
260 |a London :  |b Printed by Richard Hodgkinson ..., for William Oliver ..., and Robert Bolder ...,  |c 1672. 
300 |a 1 online resource ([14], 414, [2] pages) 
336 |a text  |b txt  |2 rdacontent 
337 |a computer  |b c  |2 rdamedia 
338 |a online resource  |b cr  |2 rdacarrier 
500 |a Includes bibliographical references. 
500 |a The epistle dedicatory is signed by the editor, Roger Flynt. 
500 |a Reproduction of original in Huntington Library. 
510 4 |a Wing  |c B4065 
533 |a Electronic reproduction.  |b Ann Arbor, Mich. :  |c UMI,  |d 1999-  |f (Early English books online)  |n Digital version of: (Early English books, 1641-1700 ; 758:20)  |7 s1999 miun s 
650 0 |a Sermons, English  |y 17th century. 
700 1 |a Flynt, Roger. 
830 0 |a Early English books online. 
856 4 0 |u http://proxy.library.tamu.edu/login?url=https://search.proquest.com/docview/2240928175  |z Connect to the full text of this electronic book  |t 0 
999 f f |s c3e1a0ea-ec53-3778-b1c5-a3b8fa09b9da  |i f6cf7aa2-9322-39f2-ade0-ca394c5c746f  |t 0 
952 f f |a Texas A&M University  |b College Station  |c Electronic Resources  |d Available Online  |t 0  |h No information provided 
998 f f |t 0  |l Available Online